000 00718nam a2200289Ia 4500
005 20260324125316.0
008 008 260324s9999 xx 000 0 eng d
020 _a9780429206719
037 _aEBOOK
040 _aCRL
040 _beng
040 _cCRL
041 _2eng
041 _aeng
084 _qCRL
100 _aAlenka Krek; Massimo Rumor; Elfriede M. Fendel; Sisi Zlatanova
_91177499
245 0 _aUrban and Regional Data Management
245 0 _bUDMS 2009 Annual
260 _bTaylor and Francis
260 _c2009
365 _a
365 _b480
856 _uhttp://www.taylorfrancis.com/books/9780429206719
942 _cEBOOK
999 _c1772621
_d1772621